Hydrodynamické modelovanie a vývoj morfologie na vybranom úseku Dunaja
Na minha lista:
| Autor principal: | |
|---|---|
| Outros Autores: | |
| Formato: | Manuscrito Livro |
| Idioma: | eslovaco |
| Publicado em: |
2025
|
| Assuntos: | |
| Acesso em linha: | http://is.stuba.sk/zp/portal_zp.pl?podrobnosti=179563 CRZP |
| Tags: |
Sem tags, seja o primeiro a adicionar uma tag!
|
MARC
| LEADER | 00000ntm a22000003a 4500 | ||
|---|---|---|---|
| 001 | stuzp105588 | ||
| 003 | SK-STU | ||
| 005 | 20250801123634.6 | ||
| 007 | ta | ||
| 008 | 150427s2015----xo-----f-mn---000-0-slo-d | ||
| 040 | |a STU |b slo | ||
| 041 | 0 | |a slo | |
| 100 | 1 | |a Virág, Pavel |u 010170 |4 aut |U SvF Stavebná fakulta |T SvF Katedra hydrotechniky |X 98125 |U V170 |Y 17 |7 98125 | |
| 242 | 0 | 1 | |a Hydrodynamic modeling and morphology assessment on a selected section of the Danube |y eng |
| 245 | 1 | 0 | |a Hydrodynamické modelovanie a vývoj morfologie na vybranom úseku Dunaja |
| 260 | |c 2025 | ||
| 650 | 4 | |a morphology |2 eng | |
| 650 | 4 | |a bathymetry |2 eng | |
| 650 | 4 | |a intel canal |2 eng | |
| 650 | 4 | |a HEC-RAS |2 eng | |
| 650 | 4 | |a sedimentation |2 eng | |
| 650 | 4 | |a Gabčíkovo Stage |2 eng | |
| 650 | 4 | |a Danube |2 eng | |
| 650 | 4 | |a morfológia |2 slo | |
| 650 | 4 | |a prívodný kanál |2 slo | |
| 650 | 4 | |a Hec-Ras |2 slo | |
| 650 | 4 | |a Dunaj |2 slo | |
| 650 | 4 | |a sedimentácia |2 slo | |
| 650 | 4 | |a batymetria |2 slo | |
| 650 | 4 | |a Stupeň Gabčíkovo |2 slo | |
| 700 | 1 | |a Orfánus, Martin |u 010170 |k Z1 |4 ths |U SvF Stavebná fakulta |T SvF Katedra hydrotechniky |X 19921 |U V170 |Y 17 |7 A000019921 | |
| 856 | 4 | |u http://is.stuba.sk/zp/portal_zp.pl?podrobnosti=179563 | |
| 856 | 4 | |u https://opac.crzp.sk/?fn=detailBiblioForm&sid=226A7A544DA3649F6C593CE9F6D0 |z CRZP | |